000 02365cam a22005894i 4500
003 PE-LiUPU
005 20250731170421.0
008 180305s2014 ck r 00 0 spa d
020 _a612407074X
020 _a9786124070747
035 _a(Sirsi) a241809
040 _aPE-LiUPU
_bspa
_cPE-LiUPU
_erda
049 _aPRUA
082 0 4 _a155.33
_bS68
_222
100 1 _aSordo, Pilar,
_eautor.
245 1 2 _a¡ Viva la diferencia ! y el complemento también:
_blo femenino y lo masculino. La magia en el ser mujer, la realidad en el ser hombre /
_cSordo, Pilar.
264 1 _aBogotá :
_bPlaneta,
_c2014.
300 _a190 páginas ;
_c23 centímetros
336 _atext
_2rdacontent
337 _aunmediated
_2rdamedia
338 _avolume
_2rdacarrier
505 0 _aOpuestos y complementarios -- El folículo y el espermiso: el comienzo de todas las diferencias -- Retener y soltar. Funciones naturales en el ser humano -- Femenino y masculino. Diferencias psicológicas encontradas -- El privilegio de ser masculino y el privilegio de sentir femenino -- Los cuentos de hadas en la psicología femenina y masculina -- Pensamiento mágico. Pensamiento real -- Causas de la infelicidad -- La ansiedad y sus consecuencias en el pensamiento mágico -- Desequilibrio y armonía -- Características de las nuevas generaciones de adolescentes -- Masculinización adolescente y otros temas -- Conclusiones -- Agradecimientos.
526 _aSEG68
526 _aSEG70
526 _aSEG69
526 _aSEG67
526 _aSEG43
526 _aP144
526 _aP143
526 _aP131
526 _aP122
526 _aP120
526 _aP117
526 _aP112
526 _aP110
526 _aP106
526 _aP101
526 _aP80
526 _aP59
526 _aP54
526 _aP35
526 _aP33
526 _aP30
541 _g044-0022573;
650 0 4 _aPensamientos psicologícos.
650 0 4 _aPsychological thoughts.
910 _adbm
_bwmm
_cwmm
_d20180305
942 _2ddc
_cBOOK
994 _aC0
_bPEPRU
596 _a1
999 _a155.33 S68
_wDEWEY
_c27373
_i78536
_f2021-11-3
_g3
_lCCODEBUL1
_mBUL
_p11.93
_r0
_sY
_tBOOK
_u2018-5-3
_xSALUD
_zP33
_0COMPRA
_1FCOMPRA
_o.STAFF. Colección Ciencias de la Salud
_d27373
980 _81
_gALBERTO SANCHEZ Responsable de Automatización